[Event "SVK-ch rapid"]
[Site "Topolcany"]
[Date "2020.07.11"]
[Round "7"]
[White "Szitas, Gabor"]
[Black "Valent, Ivan"]
[Result "0-1"]
[WhiteElo "2049"]
[BlackElo "2221"]
[PlyCount "92"]
[EventDate "2020.07.11"]
[EventType "swiss (rapid)"]
[EventRounds "9"]
[EventCountry "SVK"]
[SourceTitle "CBM 197 Extra"]
[Source "ChessBase"]
[SourceDate "2020.09.30"]
[SourceVersion "1"]
[SourceVersionDate "2020.09.30"]
[SourceQuality "1"]

1. e4 c5 2. Nf3 Nc6 3. Bb5 g6 4. 0-0 Bg7 5. Nc3 Nf6 6. d3 0-0 7. h3 Nd4 8. Bc4 a6 9. a3 b5 10. Ba2 Bb7 11. Nxd4 cxd4 12. Ne2 d5 13. e5 Nd7 14. f4 Qb6 15. b4 f6 16. exf6 Nxf6 17. Bb2 Ne8 18. Qe1 Nd6 19. Ng3 Rac8 20. Rc1 Rf7 21. Qe6 Qc6 22. f5 Nxf5 23. Qxc6 Bxc6 24. Nxf5 Rxf5 25. Rxf5 gxf5 26. Bb3 e6 27. Re1 Kf7 28. Bc1 e5 29. Rf1 Kg6 30. Bd2 e4 31. Bf4 Re8 32. Kf2 Bf6 33. g3 Bd8 34. h4 a5 35. bxa5 Bxa5 36. Rg1 h5 37. Rb1 Bd8 38. Ra1 Be7 39. a4 bxa4 40. Bxa4 Ra8 41. Bxc6 Rxa1 42. Be8+ Kf6 43. Bxh5 Ra2 44. Bd1 exd3 45. Bg5+ Ke6 46. g4 dxc2 0-1

[Event "HUN-chT2 Breyer 1516"]
[Site "Hungary"]
[Date "2016.04.17"]
[Round "11.6"]
[White "Szitas, Gabor"]
[Black "Hajdu, Roland"]
[Result "1-0"]
[WhiteElo "2127"]
[BlackElo "1826"]
[PlyCount "53"]
[EventDate "2015.09.13"]
[EventType "team-tourn"]
[EventRounds "11"]
[EventCountry "HUN"]
[SourceTitle "EXT 2017"]
[Source "ChessBase"]
[SourceDate "2016.10.25"]
[SourceVersion "1"]
[SourceVersionDate "2016.10.25"]
[SourceQuality "1"]
[WhiteTeam "TTC Sakk"]
[BlackTeam "Biatorbagy"]
[WhiteTeamCountry "HUN"]
[BlackTeamCountry "HUN"]

1. e4 c5 2. Nf3 Nc6 3. Nc3 g6 4. Bb5 Bg7 5. 0-0 e6 6. d3 Nge7 7. h3 a6 8. Bxc6 Nxc6 9. Be3 Nd4 10. Nh2 b5 11. Rb1 Bb7 12. Ne2 Nxe2+ 13. Qxe2 Qc7 14. Qd2 d5 15. exd5 Bxd5 16. c4 Bb7 17. b4 Bd4 18. bxc5 Qxc5 19. a4 Qc6 20. Nf3 Bxe3 21. fxe3 bxc4 22. Ne5 Qd5 23. Nxf7 0-0 24. Nh6+ Kg7 25. Ng4 Rxf1+ 26. Rxf1 cxd3 27. Qb2+ 1-0

[Event "HUN-chT2 Breyer 1516"]
[Site "Hungary"]
[Date "2016.03.20"]
[Round "9.6"]
[White "Szitas, Gabor"]
[Black "Rummel, Zsolt"]
[Result "1/2-1/2"]
[WhiteElo "2127"]
[BlackElo "2045"]
[PlyCount "22"]
[EventDate "2015.09.13"]
[EventType "team-tourn"]
[EventRounds "11"]
[EventCountry "HUN"]
[SourceTitle "EXT 2017"]
[Source "ChessBase"]
[SourceDate "2016.10.25"]
[SourceVersion "1"]
[SourceVersionDate "2016.10.25"]
[SourceQuality "1"]
[WhiteTeam "Biatorbagy"]
[BlackTeam "Zsambek"]
[WhiteTeamCountry "HUN"]
[BlackTeamCountry "HUN"]

1. e4 c5 2. Nf3 d6 3. Bb5+ Nd7 4. 0-0 Ngf6 5. Nc3 e6 6. Re1 Be7 7. a4 0-0 8. d4 cxd4 9. Nxd4 Qc7 10. Be3 Rd8 11. a5 Nc5 1/2-1/2

[Event "HUN-chT2 Breyer 1516"]
[Site "Hungary"]
[Date "2016.02.14"]
[Round "7.4"]
[White "Szitas, Gabor"]
[Black "Ikanov, Imre"]
[Result "1-0"]
[WhiteElo "2127"]
[BlackElo "2019"]
[PlyCount "81"]
[EventDate "2015.09.13"]
[EventType "team-tourn"]
[EventRounds "11"]
[EventCountry "HUN"]
[SourceTitle "EXT 2017"]
[Source "ChessBase"]
[SourceDate "2016.10.25"]
[SourceVersion "1"]
[SourceVersionDate "2016.10.25"]
[SourceQuality "1"]
[WhiteTeam "Biatorbagy"]
[BlackTeam "Nyergesujfalu"]
[WhiteTeamCountry "HUN"]
[BlackTeamCountry "HUN"]

1. e4 c5 2. Nf3 Nf6 3. Nc3 Nc6 4. Bb5 Nd4 5. e5 Nxb5 6. Nxb5 Nd5 7. 0-0 e6 8. d4 a6 9. c4 axb5 10. cxd5 exd5 11. dxc5 Bxc5 12. Qxd5 Qb6 13. b4 Bxb4 14. Ng5 0-0 15. Qe4 Qg6 16. Qxb4 b6 17. Qe4 d5 18. Qxg6 hxg6 19. Be3 f6 20. Nf3 Bf5 21. Rfd1 Be4 22. Bxb6 g5 23. exf6 gxf6 24. Nd2 Bd3 25. Nf1 Bc4 26. Ne3 Rxa2 27. Rxa2 Bxa2 28. Nxd5 Kf7 29. Nc3 Bc4 30. Ne4 Kg6 31. Rd6 Kf5 32. f3 g4 33. Bd4 gxf3 34. gxf3 Kf4 35. Kf2 f5 36. Ng3 Ra8 37. Nh5+ Kg5 38. Be3+ Kh4 39. Nf4 Ra2+ 40. Bd2 Bf7 41. Rh6+ 1-0

[Event "HUN-chT 1112"]
[Site "Hungary"]
[Date "2012.02.19"]
[Round "6"]
[White "Szitas, Gabor"]
[Black "Galyas, Miklos"]
[Result "0-1"]
[WhiteElo "2192"]
[BlackElo "2458"]
[PlyCount "122"]
[EventDate "2011.09.25"]
[EventType "team-tourn"]
[EventRounds "11"]
[EventCountry "HUN"]
[SourceTitle "EXT 2013"]
[Source "ChessBase"]
[SourceDate "2012.11.22"]
[SourceVersion "1"]
[SourceVersionDate "2012.11.22"]
[SourceQuality "1"]
[WhiteTeam "Tatai Honved"]
[BlackTeam "Aquaprofit"]
[WhiteTeamCountry "HUN"]
[BlackTeamCountry "HUN"]

1. e4 e6 2. d4 d5 3. Nc3 Nf6 4. Bg5 Bb4 5. e5 h6 6. Bd2 Bxc3 7. bxc3 Ne4 8. Bd3 Nxd2 9. Qxd2 c5 10. f4 Qa5 11. Nf3 Nc6 12. c4 Qxd2+ 13. Kxd2 dxc4 14. Bxc4 Nxd4 15. Nxd4 cxd4 16. Kd3 Ke7 17. Kxd4 Bd7 18. Ke3 Bc6 19. Rhd1 Rac8 20. g3 Rc7 21. Rd4 Rhc8 22. Bb3 Bb5 23. Rad1 Rc3+ 24. Kf2 h5 25. a4 Be8 26. R1d3 Rxd3 27. Rxd3 a5 28. Ke3 b5 29. axb5 Bxb5 30. Rd4 g6 31. Kd2 Rc5 32. c3 Bc6 33. c4 Bd7 34. Rd6 a4 35. Ba2 f6 36. Rb6 fxe5 37. Ke3 exf4+ 38. gxf4 g5 39. Ra6 gxf4+ 40. Kxf4 Rf5+ 41. Ke3 Re5+ 42. Kd4 Re2 43. Bb1 Rxh2 44. Be4 Rd2+ 45. Ke5 h4 46. c5 h3 47. c6 h2 48. cxd7 Re2 49. Rxe6+ Kxd7 50. Rd6+ Kc7 51. Rc6+ Kb7 52. Rc1+ Kb6 53. Kd4 Ka5 54. Bf3 Rf2 55. Ke3 Rb2 56. Be2 a3 57. Bc4 Rc2 58. Ra1 Rxc4 59. Rh1 Rc2 60. Kd3 Rg2 61. Kc3 a2 0-1

[Event "HUN-chT 1112"]
[Site "Hungary"]
[Date "2012.01.29"]
[Round "5"]
[White "Szitas, Gabor"]
[Black "Salanki, Endre"]
[Result "0-1"]
[WhiteElo "2192"]
[BlackElo "2286"]
[PlyCount "82"]
[EventDate "2011.09.25"]
[EventType "team-tourn"]
[EventRounds "11"]
[EventCountry "HUN"]
[SourceTitle "EXT 2013"]
[Source "ChessBase"]
[SourceDate "2012.11.22"]
[SourceVersion "1"]
[SourceVersionDate "2012.11.22"]
[SourceQuality "1"]
[WhiteTeam "Tatai Honved"]
[BlackTeam "Toth Laszlo"]
[WhiteTeamCountry "HUN"]
[BlackTeamCountry "HUN"]

1. e4 c5 2. Nf3 d6 3. d4 cxd4 4. Nxd4 Nf6 5. Nc3 a6 6. Bd3 e5 7. Nb3 Be6 8. 0-0 Nbd7 9. f4 exf4 10. Bxf4 Be7 11. Kh1 Rc8 12. Qe2 0-0 13. Rae1 Ne5 14. Nd4 Qd7 15. Nf5 Bxf5 16. Bxe5 Bg4 17. Qe3 dxe5 18. Qg5 Rc5 19. Qe3 Be6 20. h3 Rfc8 21. Rf3 h6 22. Ref1 Nh5 23. g4 Bg5 24. Qf2 Nf4 25. h4 Bd8 26. Rxf4 exf4 27. Qxf4 Bxh4 28. Qh2 Bg5 29. Rd1 Qc6 30. Qg3 Qc7 31. Qg2 Qf4 32. Rg1 Rxc3 33. bxc3 Rxc3 34. a4 Qe5 35. Rb1 Ra3 36. Qf3 Ra1 37. Qd1 Rxb1 38. Qxb1 Bxg4 39. Kg2 Bh4 40. Qb6 Qg3+ 41. Kf1 Bf3 0-1

[Event "HUN-chT 1112"]
[Site "Hungary"]
[Date "2011.11.27"]
[Round "4"]
[White "Szabo, Bence"]
[Black "Szitas, Gabor"]
[Result "1-0"]
[WhiteElo "2333"]
[BlackElo "2192"]
[PlyCount "53"]
[EventDate "2011.09.25"]
[EventType "team-tourn"]
[EventRounds "11"]
[EventCountry "HUN"]
[SourceTitle "EXT 2013"]
[Source "ChessBase"]
[SourceDate "2012.11.22"]
[SourceVersion "1"]
[SourceVersionDate "2012.11.22"]
[SourceQuality "1"]
[WhiteTeam "Paks"]
[BlackTeam "Tatai Honved"]
[WhiteTeamCountry "HUN"]
[BlackTeamCountry "HUN"]

1. d4 Nf6 2. c4 e6 3. Nc3 Bb4 4. Qc2 c5 5. dxc5 0-0 6. Nf3 Nc6 7. Bf4 Bxc5 8. Rd1 e5 9. Bg5 Nd4 10. Qd2 d5 11. Bxf6 gxf6 12. Nxd5 Be6 13. Nxd4 exd4 14. Nf4 Bxc4 15. Rc1 b5 16. Nh5 Kh8 17. b3 Qd6 18. Qh6 Rg8 19. bxc4 Bb4+ 20. Kd1 Rg6 21. Qf4 Qc5 22. g4 bxc4 23. Bg2 Rd8 24. Be4 d3 25. Bxg6 dxe2+ 26. Kxe2 Rd2+ 27. Kf1 1-0

[Event "FRA-chT1A 1112"]
[Site "France"]
[Date "2011.11.13"]
[Round "3.2"]
[White "Regoli, Stephane"]
[Black "Szitas, Gabor"]
[Result "0-1"]
[WhiteElo "2253"]
[BlackElo "2200"]
[PlyCount "93"]
[EventDate "2011.10.16"]
[EventType "team-tourn"]
[EventRounds "11"]
[EventCountry "FRA"]
[SourceTitle "EXT 2013"]
[Source "ChessBase"]
[SourceDate "2012.11.22"]
[SourceVersion "1"]
[SourceVersionDate "2012.11.22"]
[SourceQuality "1"]
[WhiteTeam "JEEN"]
[BlackTeam "Loures Barousse"]
[WhiteTeamCountry "FRA"]
[BlackTeamCountry "FRA"]

1. e4 c5 2. Nf3 Nc6 3. Bb5 g6 4. 0-0 Bg7 5. Re1 Nf6 6. e5 Nd5 7. Nc3 Nc7 8. Bxc6 dxc6 9. Ne4 Ne6 10. d3 0-0 11. Be3 b6 12. Qd2 Nd4 13. Nxd4 cxd4 14. Bh6 f5 15. exf6 exf6 16. Re2 a5 17. Rae1 Ra7 18. Bf4 Rd7 19. h4 Rd5 20. Ng3 Bd7 21. Bh6 Re8 22. Bxg7 Rxe2 23. Rxe2 Kxg7 24. Qf4 c5 25. h5 g5 26. Qf3 Re5 27. Rxe5 fxe5 28. Qd5 Qe8 29. b3 Qe6 30. Qb7 Kh6 31. Qb8 Kg7 32. Qd8 h6 33. Ne4 a4 34. Qc7 axb3 35. axb3 Kf8 36. Qd8+ Kg7 37. Qc7 Kf8 38. Qb8+ Kg7 39. Qd8 Kf7 40. Qh8 Ke7 41. Qg7+ Kd8 42. Nf6 Bc6 43. Qf8+ Kc7 44. Qxh6 b5 45. Qxg5 Kb6 46. f3 Be8 47. Nxe8 0-1

[Event "FRA-chT1A 1112"]
[Site "France"]
[Date "2011.10.16"]
[Round "1.3"]
[White "Szitas, Gabor"]
[Black "Grizou, Regis"]
[Result "1-0"]
[WhiteElo "2200"]
[BlackElo "2186"]
[PlyCount "73"]
[EventDate "2011.10.16"]
[EventType "team-tourn"]
[EventRounds "11"]
[EventCountry "FRA"]
[SourceTitle "EXT 2013"]
[Source "ChessBase"]
[SourceDate "2012.11.22"]
[SourceVersion "1"]
[SourceVersionDate "2012.11.22"]
[SourceQuality "1"]
[WhiteTeam "Loures Barousse"]
[BlackTeam "Agen"]
[WhiteTeamCountry "FRA"]
[BlackTeamCountry "FRA"]

1. e4 c5 2. Nf3 e6 3. d4 cxd4 4. Nxd4 a6 5. Bd3 Nf6 6. 0-0 d6 7. Nc3 Nbd7 8. Be3 b6 9. f4 Bb7 10. g4 Nc5 11. Qf3 d5 12. e5 Nfe4 13. f5 Qd7 14. a4 Nxd3 15. cxd3 Nxc3 16. bxc3 Bc5 17. fxe6 fxe6 18. Bg5 h6 19. Qh3 g6 20. Bf6 Rh7 21. Rf2 Bxd4 22. cxd4 Qc6 23. Qe3 Rc8 24. Rb1 b5 25. axb5 axb5 26. Rfb2 Ba6 27. Bh4 g5 28. Be1 Qd7 29. Bb4 Qg7 30. Ra1 Rc6 31. Rba2 Bb7 32. Bd6 Qg6 33. Rf2 Rc3 34. Rc1 b4 35. Rf8+ Kd7 36. Rf6 Qe4 37. dxe4 1-0

[Event "HUN-chT2 Breyer 0809"]
[Site "Hungary"]
[Date "2009.02.08"]
[Round "7"]
[White "Szitas, Gabor"]
[Black "Sugar, Gabor"]
[Result "1/2-1/2"]
[WhiteElo "2190"]
[BlackElo "2078"]
[PlyCount "65"]
[EventDate "2008.10.26"]
[EventType "team-tourn"]
[EventRounds "11"]
[EventCountry "HUN"]
[SourceTitle "EXT 2010"]
[Source "ChessBase"]
[SourceDate "2010.11.25"]
[SourceVersion "1"]
[SourceVersionDate "2010.11.25"]
[SourceQuality "1"]
[WhiteTeam "Tatai Honved"]
[BlackTeam "Zsambek"]
[WhiteTeamCountry "HUN"]
[BlackTeamCountry "HUN"]

1. e4 b6 2. d4 Bb7 3. Bd3 e6 4. Nf3 c5 5. c3 Nf6 6. Qe2 Nc6 7. d5 Na5 8. c4 d6 9. 0-0 Be7 10. dxe6 fxe6 11. Ng5 Qd7 12. Nc3 Nc6 13. Be3 0-0 14. f4 Nd4 15. Bxd4 cxd4 16. e5 dxe5 17. fxe5 dxc3 18. exf6 Bxf6 19. Bxh7+ Kh8 20. Qh5 Bxg5 21. Bc2+ Bh6 22. Qg6 Rf5 23. Rxf5 exf5 24. Bxf5 Qd4+ 25. Kh1 Kg8 26. Rf1 Bf4 27. bxc3 Qe3 28. Be6+ Kh8 29. Bf5 Kg8 30. Be6+ Kh8 31. Bf5 Kg8 32. Be6+ Kh8 33. Bf5 1/2-1/2

[Event "HUN-chT2 Charousek 0405"]
[Site "Hungary"]
[Date "2004.12.19"]
[Round "5"]
[White "Juhasz, Jozsef"]
[Black "Szitas, Gabor"]
[Result "0-1"]
[WhiteElo "2277"]
[BlackElo "2204"]
[PlyCount "74"]
[EventDate "2004.09.26"]
[EventType "team"]
[EventRounds "11"]
[EventCountry "HUN"]
[SourceTitle "EXT 2008"]
[Source "ChessBase"]
[SourceDate "2007.11.25"]
[SourceVersion "1"]
[SourceVersionDate "2007.11.25"]
[SourceQuality "1"]
[WhiteTeam "Tapolca"]
[BlackTeam "Szentendre"]
[WhiteTeamCountry "HUN"]
[BlackTeamCountry "HUN"]

1. e4 c5 2. Nf3 Nc6 3. d4 cxd4 4. Nxd4 e5 5. Nb5 a6 6. Nd6+ Bxd6 7. Qxd6 Qf6 8. Qd1 Qg6 9. Nc3 Nf6 10. Qd6 b5 11. Be3 Ng4 12. Bc5 Qxd6 13. Bxd6 Nf6 14. f3 Bb7 15. Bd3 Kd8 16. Kf2 Ne8 17. Bc5 d6 18. Bb6+ Kd7 19. a4 b4 20. Nd5 Nf6 21. Nc7 Rab8 22. a5 Rhc8 23. Nxa6 Ra8 24. Nc5+ dxc5 25. a6 Nd8 26. axb7 Nxb7 27. Bb5+ Ke7 28. Rxa8 Rxa8 29. Bc7 Nd6 30. Be2 Nfe8 31. Bb6 Rc8 32. Ra1 Nf6 33. Ra7+ Ke6 34. b3 Nd7 35. Ba5 Nb8 36. Ra8 Nc6 37. Rxc8 Nxc8 0-1

[Event "HUN-chT2 Breyer 0304"]
[Site "Hungary"]
[Date "2004.04.04"]
[Round "10"]
[White "Angyal, Ferenc"]
[Black "Szitas, Gabor"]
[Result "0-1"]
[WhiteElo "2174"]
[BlackElo "2196"]
[PlyCount "42"]
[EventDate "2003.09.28"]
[EventType "team"]
[EventRounds "11"]
[EventCountry "HUN"]
[SourceTitle "EXT 2009"]
[Source "ChessBase"]
[SourceDate "2008.11.26"]
[SourceVersion "1"]
[SourceVersionDate "2008.11.26"]
[SourceQuality "1"]
[WhiteTeam "Pet"]
[BlackTeam "Szentendre"]
[WhiteTeamCountry "HUN"]
[BlackTeamCountry "HUN"]

1. d4 d5 2. Nf3 Nf6 3. Bg5 Ne4 4. Bf4 c6 5. c3 Qb6 6. Qb3 Bf5 7. Nbd2 Nd7 8. e3 e6 9. Nxe4 Bxe4 10. Be2 Be7 11. 0-0 Bxf3 12. Bxf3 h5 13. h3 g5 14. Bh2 0-0-0 15. c4 Rdg8 16. Qxb6 Nxb6 17. cxd5 g4 18. hxg4 hxg4 19. Be4 exd5 20. Bf5+ Kd8 21. f3 g3 0-1

[Event "HUN-chT2 Breyer 0304"]
[Site "Hungary"]
[Date "2004.02.22"]
[Round "8"]
[White "Szitas, Gabor"]
[Black "Di Giovanni, Vilmos"]
[Result "1-0"]
[WhiteElo "2196"]
[BlackElo "2157"]
[PlyCount "75"]
[EventDate "2003.09.28"]
[EventType "team"]
[EventRounds "11"]
[EventCountry "HUN"]
[SourceTitle "EXT 2009"]
[Source "ChessBase"]
[SourceDate "2008.11.26"]
[SourceVersion "1"]
[SourceVersionDate "2008.11.26"]
[SourceQuality "1"]
[WhiteTeam "Szentendre"]
[BlackTeam "MAV Elore"]
[WhiteTeamCountry "HUN"]
[BlackTeamCountry "HUN"]

1. e4 d5 2. exd5 Nf6 3. d4 Bg4 4. Nf3 Qxd5 5. Be2 e6 6. 0-0 Nc6 7. c4 Qd7 8. Be3 Be7 9. Nc3 0-0 10. Ne5 Bxe2 11. Qxe2 Nxe5 12. dxe5 Ne8 13. Qf3 c6 14. Rfd1 Qc7 15. Qe4 a6 16. Rd3 g6 17. Rad1 Rd8 18. Rxd8 Bxd8 19. Bc5 Be7 20. Bxe7 Qxe7 21. Qd4 f6 22. Ne4 fxe5 23. Qxe5 Nf6 24. Nc5 Ng4 25. Qxe6+ Qxe6 26. Nxe6 Rxf2 27. Rd8+ Kf7 28. Ng5+ Ke7 29. Rd4 Rxb2 30. Rxg4 Rxa2 31. Nxh7 Rc2 32. Rxg6 b5 33. Rxc6 b4 34. Rb6 a5 35. Nf6 Rxc4 36. h3 Kd8 37. Nd5 Rc5 38. Rb8+ 1-0

[Event "HUN-chT2 Breyer 0304"]
[Site "Hungary"]
[Date "2003.10.05"]
[Round "2"]
[White "Szitas, Gabor"]
[Black "Pacsay, Laszlo"]
[Result "0-1"]
[WhiteElo "2196"]
[BlackElo "2213"]
[PlyCount "61"]
[EventDate "2003.09.28"]
[EventType "team"]
[EventRounds "11"]
[EventCountry "HUN"]
[SourceTitle "EXT 2009"]
[Source "ChessBase"]
[SourceDate "2008.11.26"]
[SourceVersion "1"]
[SourceVersionDate "2008.11.26"]
[SourceQuality "1"]
[WhiteTeam "Szentendre"]
[BlackTeam "Vasutepito"]
[WhiteTeamCountry "HUN"]
[BlackTeamCountry "HUN"]

1. e4 e5 2. Nf3 Nf6 3. d4 Nxe4 4. dxe5 d5 5. Bd3 Nc5 6. 0-0 Be7 7. c4 Nxd3 8. Qxd3 Be6 9. cxd5 Qxd5 10. Qe2 Nc6 11. Re1 Rd8 12. Nc3 Qc4 13. Bg5 Qxe2 14. Rxe2 Bg4 15. Bxe7 Kxe7 16. Re4 Bxf3 17. gxf3 Rd2 18. b4 Rhd8 19. Rc1 Nd4 20. Kg2 c6 21. a4 Rb2 22. b5 cxb5 23. Nd1 Ra2 24. Ne3 g6 25. axb5 Nxb5 26. Ng4 h5 27. Nf6 Rd4 28. h4 Rad2 29. Rc8 Rd8 30. Rc5 a6 31. Kg3 0-1

[Event "HUN-chT2 Breyer 0304"]
[Site "Hungary"]
[Date "2003.09.28"]
[Round "1"]
[White "Szitas, Gabor"]
[Black "Dolanyi, Jozsef"]
[Result "1/2-1/2"]
[WhiteElo "2196"]
[BlackElo "2052"]
[PlyCount "29"]
[EventDate "2003.09.28"]
[EventType "team"]
[EventRounds "11"]
[EventCountry "HUN"]
[SourceTitle "EXT 2009"]
[Source "ChessBase"]
[SourceDate "2008.11.26"]
[SourceVersion "1"]
[SourceVersionDate "2008.11.26"]
[SourceQuality "1"]
[WhiteTeam "Szentendre"]
[BlackTeam "Vizugy II"]
[WhiteTeamCountry "HUN"]
[BlackTeamCountry "HUN"]

1. e4 c6 2. d4 d5 3. exd5 cxd5 4. c4 Nf6 5. Nc3 e6 6. Nf3 Be7 7. c5 0-0 8. b4 b6 9. Bd3 a5 10. Na4 Nbd7 11. a3 axb4 12. axb4 bxc5 13. bxc5 e5 14. dxe5 Ne4 15. 0-0 1/2-1/2